000 00784nas a2200253 4500
001 BR9212799
003 BR-BrBNA
005 20231205094800.0
007 ta
008 230509b bl.|||p| |||| 00| 00por d
040 _aBR-BrBNA
_bpor
_cBiblioteca Nacional de Agricultura
041 _a(Pt)
072 _aL70
100 1 _aKoseki, I.
100 1 _aRodrigues, M.A. la R.
100 1 _aOliveira, D. de A.
245 1 _aSublinhagens celulares suinas com ploidias diferentes. 2 - cinetica de crescimento populacional
650 _aSUÍNO
650 _aCelula
650 _aVeterinaria
773 0 _tArquivos do Instituto Biologico (Brazil)
_xISSN 0020-3653
_g(Oct-Dec 1978), v. 45(4) p. 243-250
_wBR9212799
909 _a202311
_bLúcia
_c55
_dLúcia Elande
942 _2AGRIS
_n0
_cANA
999 _c146803
_d146803